Statistics for Countries in Africa by Population

Click here to take the quiz!

General Stats

  • This quiz has been taken 668 times
  • The average score is 14 of 15

Answer Stats

RankPopulationAnswer% Correct
384,605,000Egypt
99%
1177,096,000Nigeria
99%
552,982,000South Africa
99%
286,614,000Ethiopia
97%
474,618,000Democratic Republic of the Congo
96%
1035,150,000Sudan
96%
838,295,000Algeria
95%
743,291,000Kenya
94%
645,950,000Tanzania
92%
1226,441,000Ghana
89%
1132,950,000Morocco
89%
1324,491,000Mozambique
87%
935,363,000Uganda
87%
1521,852,000Madagascar
78%
1423,919,000Ivory Coast
74%

Score Distribution

Percentile by Number Answered

Percent of People with Each Score

Your Score History

You have not taken this quiz